00345nam a2200133Ia 4500003000400000008004100004020002400045040000800069100001600077245006400093260002700157300001500184365001200199LDD181029s9999 xx 000 0 und d a184334128XcP 39.95 cLDD aFourie, Ina 0aHow lis professionals can use alerting servicescIna Fourie aEnglandbChandosc2006 axvi, 178p. bP 39.95